Statistics for Countries that Beat Japan

Click here to take the quiz!

General Stats

  • This quiz has been taken 10,653 times
  • The average score is 10 of 19

Answer Stats

Rank Hint Answer % Correct
4Largest economy (PPP)China, United States, India
99%
8Most earthquake deaths in the 21st centuryIndonesia, Haiti, China, ...
95%
3Most active volcanosUnited States, Indonesia
82%
2Most Michelin star restaurantsFrance
70%
3Most people to run a marathon in less than 2:10Kenya, Ethiopia
70%
4Receiving the most Chinese touristsSouth Korea, Thailand, Taiwan
68%
2Most steel productionChina
68%
3Most tropical cyclones striking the countryChina, Philippines
57%
3Least ethnic diversityNorth Korea, South Korea
50%
7Lowest obesity rateVietnam, Bangladesh, East Timor, ...
49%
6Least religiousSweden, Norway, Estonia, ...
48%
11Lowest fertility rateSingapore, Taiwan, South Korea ...
43%
4% of population living in an urban area of more than 1 millionVatican City, Singapore, Kuwait
36%
2Highest life expectancyMonaco
34%
2Oldest average ageMonaco
32%
2Highest current account balance (exports minus imports)Germany
27%
3Female population minus male populationRussia, United States
26%
4Lowest murder rate since 2000Vatican City, San Marino, Andorra
21%
2Whitest flagCyprus
16%

Score Distribution

Percentile by Number Answered

Percent of People with Each Score

Your Score History

You have not taken this quiz